000 00344 a2200157 4500
001 48287
020 _a8516045749
040 _cAnchieta - Bela Vista
100 _aNóbrega, Maria José
240 1 0 _aSalada, saladinha
_lpor
245 1 0 _aSalada, saladinha
300 _a53
362 0 _a2005
650 4 _aLiteratura infantil
942 _cBK
999 _c48287
_d48287